[Event "Schach Nienberge 1 - SC Hansa Dortmund "]
[Site "NRW-Klasse - Gruppe 1 2019/20"]
[Date "2019.10.06"]
[Round "2.7"]
[White "Zelt, Jens"]
[Black "Keller, Dirk"]
[Result "0-1"]
[WhiteElo "2050"]
[BlackElo "1926"]
[Annotator "Daniel"]
[PlyCount "110"]
[EventDate "2019.??.??"]
[SourceVersionDate "2020.03.16"]
[WhiteTeam "SC Hansa Dortmund 2"]
[BlackTeam "Schach Nienberge 1"]

1. d4 c5 2. c3 Nf6 3. Nf3 b6 4. Bf4 Bb7 5. e3 g6 6. h3 Bg7 7. Be2 d6 8. O-O O-O
9. Nbd2 Nbd7 10. Bh2 Qb8 11. a4 a6 12. Nc4 Bd5 13. Na3 cxd4 14. exd4 Ra7 15.
Nd2 Qb7 16. f3 Be6 17. Re1 Bh6 18. Bf1 Nd5 19. Bd3 Nf4 20. Bf1 Nd5 21. Bd3 Nf4
22. Be4 d5 23. Bc2 b5 24. b4 Nb6 25. a5 Nc4 26. Naxc4 bxc4 27. Nf1 Qc8 $11 28.
Ra2 Bf5 29. Bxf5 Qxf5 30. Re5 Qd7 31. Bg3 Nd3 32. f4 Bxf4 33. Bxf4 Nxf4 34. Nh2
Kg7 35. Nf3 f6 36. Re3 e6 37. h4 Rb7 38. g3 Nd3 39. Kh2 Qd6 40. Rae2 Re7 41.
Kg2 e5 42. dxe5 fxe5 43. Ng5 h6 44. Nh3 Ref7 45. h5 g5 46. Ra2 d4 47. Re4 Qd5
48. Qg4 Rf4 49. gxf4 Qxe4+ 50. Kh2 Nxf4 51. cxd4 exd4 52. Nxg5 hxg5 53. Qxg5+
Kh7 54. Qc5 Rg8 55. Qxc4 Rg2+ 0-1

[Event "Schach Nienberge 1 - SC Hansa Dortmund "]
[Site "NRW-Klasse - Gruppe 1 2019/20"]
[Date "2019.10.06"]
[Round "2.8"]
[White "Melkert, Tim"]
[Black "Dawid, Adalbert"]
[Result "1/2-1/2"]
[WhiteElo "1946"]
[BlackElo "1873"]
[PlyCount "91"]
[EventDate "2019.??.??"]
[SourceVersionDate "2020.03.16"]
[WhiteTeam "Schach Nienberge 1"]
[BlackTeam "SC Hansa Dortmund 2"]

1. e4 e6 2. d4 d5 3. Nc3 Nf6 4. e5 Nfd7 5. f4 c5 6. Nf3 Nc6 7. Be3 a6 8. Qd2
cxd4 9. Nxd4 Bb4 10. a3 Qa5 11. Nb3 Bxc3 12. Nxa5 Bxd2+ 13. Bxd2 Nxa5 14. Bxa5
b6 15. Bc3 h5 16. a4 a5 17. Bd4 Nc5 18. Bb5+ Bd7 19. Ra3 Bxb5 20. axb5 Kd7 21.
Ke2 Rhc8 22. Rc1 Kc7 23. c4 dxc4 24. Rxc4 Kb7 25. Rac3 Nd7 26. Rc6 Nc5 27. Bxc5
bxc5 28. R3xc5 Rxc6 29. bxc6+ Kb6 30. Rc3 Rc8 31. Rb3+ Kxc6 32. Rc3+ Kd7 33.
Rxc8 Kxc8 34. Kd3 Kc7 35. Kc4 Kc6 36. g3 g6 37. Kb3 Kb5 38. Ka3 a4 39. b3 axb3
40. Kxb3 Kc5 41. Kc3 Kd5 42. Kd3 g5 43. h4 g4 44. Ke3 Kc4 45. Ke4 Kc3 46. Ke3
1/2-1/2

[Event "SV Welper 1 - SK Münster 2"]
[Site "NRW-Klasse - Gruppe 1 2019/20"]
[Date "2019.10.06"]
[Round "2.1"]
[White "Ortmeier, Leonhard"]
[Black "Fuellgrabe, Thomas"]
[Result "1-0"]
[WhiteElo "2206"]
[BlackElo "2236"]
[PlyCount "65"]
[EventDate "2019.??.??"]
[SourceVersionDate "2020.03.16"]
[WhiteTeam "SK Münster 2"]
[BlackTeam "SV Welper 1"]

1. Nf3 d5 2. c4 e6 3. b3 Nf6 4. Bb2 c5 5. g3 Nc6 6. e3 Be7 7. Bg2 O-O 8. O-O d4
9. exd4 cxd4 10. Re1 Re8 11. d3 Bf8 12. Ne5 Nxe5 13. Rxe5 Nd7 14. Re2 e5 15.
Qe1 Qb6 16. Re4 Rd8 17. Qe2 Bd6 18. Rh4 Be7 19. Bxd4 Qd6 20. Re4 Nf6 21. Bxe5
Qxd3 22. Qxd3 Rxd3 23. Rd4 Rxd4 24. Bxd4 Be6 25. Nc3 Rd8 26. Bxa7 Rd2 27. Be3
Rd3 28. Ne4 Ng4 29. Bc5 Bxc5 30. Nxc5 Rd2 31. Nxe6 fxe6 32. Bxb7 Nxf2 33. Bg2
1-0

[Event "SV Welper 1 - SK Münster 2"]
[Site "NRW-Klasse - Gruppe 1 2019/20"]
[Date "2019.10.06"]
[Round "2.2"]
[White "Sohlmann, Jan-Henning"]
[Black "Borrink, Joern"]
[Result "1/2-1/2"]
[WhiteElo "2172"]
[BlackElo "2144"]
[Annotator "Daniel"]
[PlyCount "100"]
[EventDate "2019.??.??"]
[SourceVersionDate "2020.03.16"]
[WhiteTeam "SV Welper 1"]
[BlackTeam "SK Münster 2"]

1. b4 d5 2. Bb2 Nf6 3. Nf3 Nbd7 4. e3 e6 5. a3 Bd6 6. c4 c6 7. d4 dxc4 8. Bxc4
a5 9. b5 Nb6 10. Be2 cxb5 11. Bxb5+ Bd7 12. Nc3 O-O 13. O-O Nfd5 14. Qd3 Qe7
15. Bxd7 Qxd7 16. Rfb1 Ra6 17. Nb5 f6 18. g3 Rc8 19. e4 Nc7 20. Nxd6 Qxd6 21.
a4 Qd7 22. Qb3 Ne8 23. Bc3 Nc4 24. Qd1 Ned6 25. Qd3 Rc7 $11 26. Bd2 Nxd2 27.
Nxd2 Rac6 28. e5 Nf5 29. exf6 Qxd4 30. Qxd4 Nxd4 31. fxg7 Kxg7 32. Nb3 Nxb3 33.
Rxb3 b6 34. Kg2 Rd7 35. Rab1 Rdd6 36. Rb5 Kg6 37. R1b3 h6 38. h4 Kg7 39. f4 Kg6
40. Kf3 Kg7 41. g4 Kf7 42. h5 Rc4 43. f5 Rxa4 44. Rxb6 Rxb6 45. Rxb6 exf5 46.
gxf5 Rh4 47. Rxh6 a4 48. Ra6 Rxh5 49. Kg4 Rh1 50. Rxa4 Rg1+ 1/2-1/2

[Event "SV Welper 1 - SK Münster 2"]
[Site "NRW-Klasse - Gruppe 1 2019/20"]
[Date "2019.10.06"]
[Round "2.3"]
[White "Virnyi, Julius"]
[Black "Kemna, Guido"]
[Result "1/2-1/2"]
[WhiteElo "2041"]
[BlackElo "2135"]
[PlyCount "45"]
[EventDate "2019.??.??"]
[SourceVersionDate "2020.03.16"]
[WhiteTeam "SK Münster 2"]
[BlackTeam "SV Welper 1"]

1. d4 d5 2. c4 c6 3. Nf3 Nf6 4. Qb3 dxc4 5. Qxc4 e6 6. g3 Bd6 7. Bg2 O-O 8. O-O
Nbd7 9. Bf4 Qc7 10. Bxd6 Qxd6 11. Nc3 e5 12. Rfd1 exd4 13. Nxd4 Qc5 14. Qxc5
Nxc5 15. b4 Ne6 16. b5 Nxd4 17. Rxd4 cxb5 18. Nxb5 a6 19. Nd6 Rb8 20. Rc1 Rd8
21. e4 Be6 22. a4 b6 23. Rb1 1/2-1/2

[Event "SV Welper 1 - SK Münster 2"]
[Site "NRW-Klasse - Gruppe 1 2019/20"]
[Date "2019.10.06"]
[Round "2.4"]
[White "Linde, Wolfgang"]
[Black "Kamp, Aaron"]
[Result "1-0"]
[WhiteElo "2098"]
[BlackElo "1894"]
[PlyCount "95"]
[EventDate "2019.??.??"]
[SourceVersionDate "2020.03.16"]
[WhiteTeam "SV Welper 1"]
[BlackTeam "SK Münster 2"]

1. e4 c5 2. c3 Nf6 3. e5 Nd5 4. d4 cxd4 5. cxd4 Nc6 6. Nf3 d6 7. Bc4 Nb6 8. Bb3
d5 9. Nh4 e6 10. Nf3 Be7 11. O-O O-O 12. Nc3 Bd7 13. Bc2 f5 14. exf6 Bxf6 15.
Qd3 g6 16. Bh6 Nb4 17. Qe2 Nxc2 18. Qxc2 Rf7 19. Rac1 Rc8 20. Qe2 Nc4 21. Rfd1
b5 22. b3 Na3 23. Qd2 b4 24. Ne2 a5 25. Bf4 Bb5 26. Rxc8 Qxc8 27. Rc1 Qa6 28.
Ng3 Bd3 29. Ne5 Bxe5 30. Bxe5 Nb1 31. Qg5 Nc3 32. Nh5 Qc8 33. Re1 Ne4 34. Nf6+
Rxf6 35. Rxe4 Bxe4 36. Bxf6 Qc2 37. h3 Qd1+ 38. Kh2 Qh5 39. Qc1 Qf5 40. Bh4 Qf8
41. Bg3 Qe8 42. Qc7 Qa8 43. f3 Bf5 44. Be5 Qf8 45. Bd6 Qf7 46. Qd8+ Kg7 47.
Be5+ Kh6 48. Qh4# 1-0

[Event "SV Welper 1 - SK Münster 2"]
[Site "NRW-Klasse - Gruppe 1 2019/20"]
[Date "2019.10.06"]
[Round "2.5"]
[White "Kamp, Adrian"]
[Black "Conrad, Joachim"]
[Result "0-1"]
[WhiteElo "1947"]
[BlackElo "2004"]
[PlyCount "70"]
[EventDate "2019.??.??"]
[SourceVersionDate "2020.03.16"]
[WhiteTeam "SK Münster 2"]
[BlackTeam "SV Welper 1"]

1. e4 d6 2. d4 Nf6 3. Nc3 e5 4. Nf3 Nbd7 5. Bc4 Be7 6. O-O O-O 7. Qe2 c6 8. Rd1
Qc7 9. h3 b5 10. Bb3 a6 11. Be3 exd4 12. Bxd4 Nc5 13. e5 Nxb3 14. exf6 Nxd4 15.
Qxe7 Nxf3+ 16. gxf3 Qxe7 17. fxe7 Re8 18. Rxd6 Bxh3 19. Rad1 Rxe7 20. Rd8+ Re8
21. Rxa8 Rxa8 22. Rd6 Rc8 23. Ne4 Kf8 24. b4 Be6 25. a3 Ke7 26. Rd2 Bd5 27. Kg2
Bxe4 28. fxe4 c5 29. c3 cxb4 30. cxb4 Rc3 31. Ra2 Rb3 32. f3 Ke6 33. Kf2 Ke5
34. Rd2 Rxa3 35. Rd5+ Ke6 0-1

[Event "SV Welper 1 - SK Münster 2"]
[Site "NRW-Klasse - Gruppe 1 2019/20"]
[Date "2019.10.06"]
[Round "2.6"]
[White "Schaller, Torsten"]
[Black "Kubo, Thomas"]
[Result "1/2-1/2"]
[WhiteElo "1947"]
[BlackElo "1985"]
[PlyCount "56"]
[EventDate "2019.??.??"]
[SourceVersionDate "2020.03.16"]
[WhiteTeam "SV Welper 1"]
[BlackTeam "SK Münster 2"]

1. d4 e6 2. e4 d5 3. Nc3 Bb4 4. e5 c5 5. a3 Bxc3+ 6. bxc3 Ne7 7. h4 Nbc6 8. Nf3
Qc7 9. h5 Bd7 10. h6 g6 11. Bg5 Rc8 12. Bf6 O-O 13. Qd2 cxd4 14. cxd4 Rfe8 15.
Bd3 Nf5 16. Qf4 Ncxd4 17. O-O Qxc2 18. Nxd4 Qxd3 19. Nxf5 Qxf5 20. Qe3 b6 21.
Rfc1 Bb5 22. Rc3 Rxc3 23. Qxc3 Bc4 24. Qb4 Qc2 25. Bg5 Qb3 26. Qd2 Qd3 27. Qb4
Qb3 28. Qd2 Qd3 1/2-1/2

[Event "SV Welper 1 - SK Münster 2"]
[Site "NRW-Klasse - Gruppe 1 2019/20"]
[Date "2019.10.06"]
[Round "2.7"]
[White "Schroeder, Lennart"]
[Black "Bastians, Felix"]
[Result "1-0"]
[WhiteElo "1850"]
[BlackElo "2107"]
[PlyCount "59"]
[EventDate "2019.??.??"]
[SourceVersionDate "2020.03.16"]
[WhiteTeam "SK Münster 2"]
[BlackTeam "SV Welper 1"]

1. d4 Nf6 2. c4 c5 3. d5 e6 4. Nc3 exd5 5. cxd5 d6 6. Nf3 g6 7. e4 Bg7 8. Bc4
O-O 9. O-O Re8 10. Re1 Bg4 11. Bf4 Nbd7 12. a4 Nh5 13. Bd2 Ne5 14. Be2 Bxf3 15.
Bxf3 Nd3 16. Bxh5 gxh5 17. Re3 Nxb2 18. Qxh5 Nc4 19. Rg3 Re5 20. Qh6 Qf8 21.
Bf4 Kh8 22. Bxe5 Bxe5 23. Qxf8+ Rxf8 24. Rh3 b6 25. Rc1 a6 26. Ne2 Nb2 27. Ra3
Re8 28. Rc2 h5 29. f4 Bg7 30. e5 1-0

[Event "SV Welper 1 - SK Münster 2"]
[Site "NRW-Klasse - Gruppe 1 2019/20"]
[Date "2019.10.06"]
[Round "2.8"]
[White "Teich, Udo"]
[Black "Hartmann, Steffen"]
[Result "1/2-1/2"]
[WhiteElo "1849"]
[BlackElo "1933"]
[PlyCount "23"]
[EventDate "2019.??.??"]
[SourceVersionDate "2020.03.16"]
[WhiteTeam "SV Welper 1"]
[BlackTeam "SK Münster 2"]

1. d4 Nf6 2. c4 c5 3. e3 g6 4. Nf3 Bg7 5. Nc3 O-O 6. Be2 d6 7. O-O a6 8. a3
Nbd7 9. Qc2 Qc7 10. Bd2 Rb8 11. Rfc1 Re8 12. Rab1 1/2-1/2

[Event "SG Kirchlengern 1 - SG Bochum 2"]
[Site "NRW-Klasse - Gruppe 1 2019/20"]
[Date "2019.10.06"]
[Round "2.2"]
[White "Braun, Peter"]
[Black "Wuebker, Paul-Luca"]
[Result "0-1"]
[WhiteElo "2031"]
[BlackElo "2069"]
[PlyCount "62"]
[EventDate "2019.??.??"]
[SourceVersionDate "2020.03.16"]
[WhiteTeam "SG Kirchlengern 1"]
[BlackTeam "SG Bochum 2"]

1. d4 Nf6 2. c4 Nc6 3. Nf3 e6 4. g3 Bb4+ 5. Bd2 Bxd2+ 6. Nbxd2 d6 7. Bg2 O-O 8.
O-O e5 9. d5 Ne7 10. e4 Nd7 11. b4 f5 12. Qb3 h6 13. c5 Nf6 14. cxd6 cxd6 15.
Rad1 fxe4 16. Nxe5 dxe5 17. d6+ Ned5 18. Nxe4 Kh8 19. Nc5 Nb6 20. a4 Bg4 21. f3
Bf5 22. a5 Nbd7 23. g4 Bh7 24. Qa4 Nxc5 25. bxc5 Nd7 26. Rc1 Rc8 27. Qa3 Rf4
28. a6 b6 29. c6 Nc5 30. Rxc5 bxc5 31. Qxc5 Rd4 0-1

[Event "SG Kirchlengern 1 - SG Bochum 2"]
[Site "NRW-Klasse - Gruppe 1 2019/20"]
[Date "2019.10.06"]
[Round "2.3"]
[White "Biermann, Lenhard"]
[Black "Krueger, Tim"]
[Result "1-0"]
[WhiteElo "2025"]
[BlackElo "2031"]
[PlyCount "119"]
[EventDate "2019.??.??"]
[SourceVersionDate "2020.03.16"]
[WhiteTeam "SG Bochum 2"]
[BlackTeam "SG Kirchlengern 1"]

1. d4 Nf6 2. Nf3 c5 3. d5 b5 4. c4 Bb7 5. Bg5 Ne4 6. Bf4 Qa5+ 7. Nbd2 bxc4 8.
b4 cxb4 9. Nxe4 Bxd5 10. Ned2 Bxf3 11. Nxc4 Qf5 12. Bxb8 Bxg2 13. Bxg2 Rxb8 14.
O-O e6 15. Nd6+ Bxd6 16. Qxd6 Rb6 17. Qc7 O-O 18. Qxd7 a5 19. Rfd1 g6 20. Rac1
b3 21. Qc7 Rbb8 22. axb3 Rxb3 23. Qc5 Qxc5 24. Rxc5 Rfb8 25. Rxa5 Rb1 26. Rxb1
Rxb1+ 27. Bf1 Kg7 28. Kg2 Rb4 29. e3 h5 30. h3 Rb6 31. Be2 Rb2 32. Bf3 Rc2 33.
Kg3 Rc4 34. Ra6 Rc7 35. Rc6 Ra7 36. Rb6 Rc7 37. Rb7 Rc5 38. Be2 Rg5+ 39. Kh2
Rf5 40. Kg2 Rg5+ 41. Kf1 Rc5 42. Bb5 Kf8 43. Bd7 Ke7 44. Bc6+ Kf8 45. Be4 Kg7
46. Kg2 Rg5+ 47. Kf3 Rc5 48. h4 Rc4 49. Rd7 Rc5 50. Bd3 Ra5 51. Bc4 Kf6 52. e4
Rc5 53. Bd3 Rc6 54. Kf4 Rc5 55. f3 Rc1 56. Rb7 Kg7 57. Bb5 Rh1 58. Be8 Rxh4+
59. Kg5 Rh1 60. Rxf7+ 1-0

[Event "SG Kirchlengern 1 - SG Bochum 2"]
[Site "NRW-Klasse - Gruppe 1 2019/20"]
[Date "2019.10.06"]
[Round "2.4"]
[White "Ott, Mathias"]
[Black "Biermann, Florian"]
[Result "1/2-1/2"]
[WhiteElo "1951"]
[BlackElo "2039"]
[PlyCount "118"]
[EventDate "2019.??.??"]
[SourceVersionDate "2020.03.16"]
[WhiteTeam "SG Kirchlengern 1"]
[BlackTeam "SG Bochum 2"]

1. d4 Nf6 2. c4 g6 3. Nc3 Bg7 4. e4 d6 5. Be2 O-O 6. g4 a6 7. h4 c5 8. d5 b5 9.
g5 Nfd7 10. cxb5 axb5 11. Nxb5 Na6 12. Nf3 Qb6 13. a3 Nc7 14. Nxc7 Qxc7 15. Qc2
Ba6 16. Bd2 Bxe2 17. Kxe2 e6 18. dxe6 fxe6 19. Bc3 d5 20. Bxg7 Kxg7 21. Qc3+
Kg8 22. Nd2 d4 23. Qg3 Qxg3 24. fxg3 Rab8 25. Rab1 Ne5 26. Rhc1 Rfc8 27. Nc4
Nxc4 28. Rxc4 Rb3 29. a4 Re3+ 30. Kd2 Rf8 31. Re1 Rf2+ 32. Kd1 Rb3 33. Re2 Rxe2
34. Kxe2 Rxb2+ 35. Kd3 Rb3+ 36. Kc2 Ra3 37. Rxc5 Rxa4 38. Kd3 Kf8 39. e5 Ra3+
40. Kxd4 Rxg3 41. Rc4 Ke8 42. Rb4 Kd8 43. Rb7 Rg4+ 44. Kc5 Rxh4 45. Kd6 Kc8 46.
Ra7 h6 47. gxh6 Rxh6 48. Rg7 Rh8 49. Kxe6 g5 50. Rxg5 Kd8 51. Kd6 Ke8 52. e6
Kf8 53. Rf5+ Kg7 54. e7 Ra8 55. Rc5 Kf7 56. Rc7 Ra6+ 57. Kd7 Ra8 58. Rb7 Re8
59. Kd6 Ra8 1/2-1/2

[Event "SG Kirchlengern 1 - SG Bochum 2"]
[Site "NRW-Klasse - Gruppe 1 2019/20"]
[Date "2019.10.06"]
[Round "2.5"]
[White "Mazarov, Juergen"]
[Black "Dilger, Tim"]
[Result "1-0"]
[WhiteElo "2040"]
[BlackElo "1848"]
[Annotator "Daniel"]
[PlyCount "79"]
[EventDate "2019.??.??"]
[SourceVersionDate "2020.03.16"]
[WhiteTeam "SG Bochum 2"]
[BlackTeam "SG Kirchlengern 1"]

1. e4 e5 2. Nf3 Nc6 3. Bb5 a6 4. Ba4 Nf6 5. d3 b5 6. Bb3 Be7 7. Nbd2 d6 8. c3
O-O 9. O-O Na5 10. Bc2 c5 11. Re1 Nc6 12. Nf1 Qc7 13. Ng3 Re8 14. h3 Bb7 15.
Nf5 Bf8 16. N3h4 h6 17. Qf3 Qd8 18. Be3 Kh7 19. g4 g6 20. Ng3 Bg7 21. g5 hxg5
22. Bxg5 Bc8 23. Bb3 Ra7 24. Kg2 Be6 25. Bd5 $11 Nb8 26. c4 Nbd7 27. Qe3 Nb6
28. b3 Nbxd5 29. exd5 Bc8 30. Ne4 Nxd5 31. cxd5 f6 32. Nf3 Qd7 33. Bxf6 Qxh3+
34. Kg1 Qg4+ 35. Kf1 Bh6 36. Bg5 Rf8 37. Bxh6 Rxf3 38. Qxf3 Qh4 39. Bg5 Qh2 40.
Ke2 1-0

[Event "SG Kirchlengern 1 - SG Bochum 2"]
[Site "NRW-Klasse - Gruppe 1 2019/20"]
[Date "2019.10.06"]
[Round "2.6"]
[White "Knollmann, Benjamin"]
[Black "Zeldin, Vitali"]
[Result "1/2-1/2"]
[WhiteElo "1809"]
[BlackElo "1946"]
[PlyCount "86"]
[EventDate "2019.??.??"]
[SourceVersionDate "2020.03.16"]
[WhiteTeam "SG Kirchlengern 1"]
[BlackTeam "SG Bochum 2"]

1. d4 Nf6 2. Nf3 e6 3. c4 Bb4+ 4. Bd2 Bxd2+ 5. Qxd2 d5 6. Nc3 O-O 7. e3 Nbd7 8.
Be2 c5 9. O-O b6 10. cxd5 exd5 11. dxc5 Nxc5 12. Rfd1 Bb7 13. Nd4 a6 14. Bf3
Qd7 15. Nde2 Rad8 16. Qd4 Qd6 17. Ng3 Rfe8 18. Nce2 Nfe4 19. Nxe4 Nxe4 20. Rac1
Ng5 21. Nf4 Ne6 22. Nxe6 fxe6 23. Rd2 Rc8 24. Rcd1 Rc7 25. Qh4 Qe5 26. Qb4 b5
27. Rd4 Rec8 28. a4 Bc6 29. Qa5 Ra7 30. axb5 Bxb5 31. Qb6 Rac7 32. Bg4 Rc6 33.
Qa5 Rc2 34. R4d2 h5 35. Rxc2 Rxc2 36. Qd8+ Kh7 37. Qh4 Be8 38. Qh3 Bf7 39. f4
Qxb2 40. Bxh5 Kg8 41. Bxf7+ Kxf7 42. f5 Qe5 43. fxe6+ Qxe6 1/2-1/2

[Event "SG Kirchlengern 1 - SG Bochum 2"]
[Site "NRW-Klasse - Gruppe 1 2019/20"]
[Date "2019.10.06"]
[Round "2.7"]
[White "Finke, Dominik"]
[Black "Ott, Helmut"]
[Result "1-0"]
[WhiteElo "1968"]
[BlackElo "1787"]
[PlyCount "65"]
[EventDate "2019.??.??"]
[SourceVersionDate "2020.03.16"]
[WhiteTeam "SG Bochum 2"]
[BlackTeam "SG Kirchlengern 1"]

1. e4 e6 2. d4 d5 3. Nc3 Nf6 4. e5 Nfd7 5. f4 c5 6. Nf3 Nc6 7. Be3 Qb6 8. Na4
Qa5+ 9. c3 c4 10. b4 Nxb4 11. cxb4 Bxb4+ 12. Kf2 b5 13. Nc5 Bc3 14. Bd2 Nxc5
15. dxc5 Bxd2 16. Qxd2 Qxd2+ 17. Nxd2 a5 18. a3 Bb7 19. Rb1 Bc6 20. Ke3 Ke7 21.
Kd4 f6 22. Nf3 Rhb8 23. Be2 b4 24. axb4 axb4 25. Ra1 b3 26. Kc3 Be8 27. Nd4 g5
28. exf6+ Kxf6 29. fxg5+ Ke7 30. Rxa8 Rxa8 31. Bxc4 dxc4 32. Kxc4 Ra4+ 33. Kc3
1-0

[Event "SG Kirchlengern 1 - SG Bochum 2"]
[Site "NRW-Klasse - Gruppe 1 2019/20"]
[Date "2019.10.06"]
[Round "2.8"]
[White "Meyer zu Knolle, Marius"]
[Black "Gluma, Christian"]
[Result "0-1"]
[WhiteElo "1737"]
[BlackElo "1896"]
[PlyCount "68"]
[EventDate "2019.??.??"]
[SourceVersionDate "2020.03.16"]
[WhiteTeam "SG Kirchlengern 1"]
[BlackTeam "SG Bochum 2"]

1. d4 g6 2. Nf3 Bg7 3. c4 c6 4. Nc3 d5 5. Bf4 Nf6 6. e3 O-O 7. h3 b6 8. Bd3 Bb7
9. O-O Na6 10. cxd5 Nxd5 11. Nxd5 Qxd5 12. Qa4 Nc5 13. dxc5 Qxd3 14. Ne5 Qf5
15. Nxc6 Qd7 16. Nxe7+ Qxe7 17. Bd6 Qg5 18. c6 b5 19. Qe4 Rae8 20. Qxe8 Rxe8
21. cxb7 a5 22. Rac1 Qf5 23. b8=Q Rxb8 24. Bxb8 Bxb2 25. Rb1 Qc2 26. Bc7 a4 27.
Ba5 a3 28. Rbd1 Qc4 29. Rd8+ Kg7 30. Rfd1 Qxa2 31. Bb4 h6 32. Bf8+ Kh7 33. Ra8
Qb3 34. Rdd8 a2 0-1

[Event "SG Bochum 2 - zweihochsechs Bielefeld 1"]
[Site "NRW-Klasse - Gruppe 1 2019/20"]
[Date "2019.11.03"]
[Round "3.1"]
[White "Ruecker, Bastian"]
[Black "Kitte, Sebastian"]
[Result "1/2-1/2"]
[WhiteElo "2064"]
[BlackElo "2177"]
[PlyCount "24"]
[EventDate "2019.??.??"]
[SourceVersionDate "2020.03.16"]
[WhiteTeam "zweihochsechs Bielefeld 1"]
[BlackTeam "SG Bochum 2"]

1. d4 Nf6 2. Bg5 d5 3. e3 c6 4. c3 g6 5. Bd3 Bg7 6. Nd2 Nbd7 7. Ngf3 O-O 8. O-O
Re8 9. e4 dxe4 10. Nxe4 Nxe4 11. Bxe4 Qb6 12. Qc2 e5 1/2-1/2

[Event "SG Bochum 2 - zweihochsechs Bielefeld 1"]
[Site "NRW-Klasse - Gruppe 1 2019/20"]
[Date "2019.11.03"]
[Round "3.2"]
[White "Wuebker, Paul-Luca"]
[Black "Stukenbrok, Nils"]
[Result "1-0"]
[WhiteElo "2069"]
[BlackElo "2011"]
[PlyCount "89"]
[EventDate "2019.??.??"]
[SourceVersionDate "2020.03.16"]
[WhiteTeam "SG Bochum 2"]
[BlackTeam "zweihochsechs Bielefeld 1"]

1. d4 e6 2. Nf3 Nf6 3. c4 Bb4+ 4. Nbd2 d5 5. Qa4+ Nc6 6. a3 Be7 7. e3 Bd7 8.
Qc2 dxc4 9. Nxc4 O-O 10. Be2 a5 11. O-O Qb8 12. e4 b5 13. Nce5 Nxe5 14. Nxe5 c5
15. Nxd7 Nxd7 16. dxc5 Nxc5 17. Be3 Rc8 18. Rfc1 a4 19. Bxc5 Bxc5 20. Qxc5 Rxc5
21. Rxc5 Qf4 22. Rxb5 Qxe4 23. Bf3 Qd3 24. Rb4 Rc8 25. Rd1 Qc2 26. g3 g6 27.
Kg2 h5 28. Rd7 Qb1 29. Rf4 Qxb2 30. Rdxf7 Qxa3 31. R7f6 Kg7 32. Be4 Qe7 33.
Rxg6+ Kh8 34. Rh6+ Kg8 35. Rxh5 Qg7 36. Bh7+ Qxh7 37. Rxh7 Kxh7 38. Rxa4 Kg6
39. Rf4 Rc3 40. h4 Ra3 41. g4 Rb3 42. f3 Ra3 43. Kg3 e5 44. Rb4 Re3 45. Re4 1-0

[Event "SG Bochum 2 - zweihochsechs Bielefeld 1"]
[Site "NRW-Klasse - Gruppe 1 2019/20"]
[Date "2019.11.03"]
[Round "3.3"]
[White "Guthier, Max"]
[Black "Biermann, Lenhard"]
[Result "0-1"]
[WhiteElo "2009"]
[BlackElo "2025"]
[PlyCount "84"]
[EventDate "2019.??.??"]
[SourceVersionDate "2020.03.16"]
[WhiteTeam "zweihochsechs Bielefeld 1"]
[BlackTeam "SG Bochum 2"]

1. e4 e6 2. d3 c5 3. g3 Nc6 4. Bg2 Nge7 5. Be3 d6 6. f4 g6 7. Nd2 Bg7 8. Rb1
Rb8 9. Ngf3 b5 10. O-O a5 11. Nh4 f5 12. g4 fxg4 13. Qxg4 O-O 14. e5 Nd5 15.
Rbe1 dxe5 16. Bxc5 Rxf4 17. Rxf4 exf4 18. c4 Ndb4 19. Rxe6 Bxe6 20. Qxe6+ Kh8
21. Nxg6+ hxg6 22. Qh3+ Kg8 23. Qe6+ Kh7 24. Be4 Qf6 25. Qh3+ Bh6 26. a3 Qg5+
27. Kh1 Qxc5 28. Qe6 Rg8 29. axb4 Nxb4 30. Qf7+ Rg7 31. Bxg6+ Kh8 32. Qe8+ Rg8
33. Qf7 Bg7 34. Bf5 Qc6+ 35. Ne4 Nxd3 36. cxb5 Qc1+ 37. Kg2 Ne1+ 38. Kf1 Nf3+
39. Ke2 Qe3+ 40. Kf1 Nxh2+ 41. Kg2 Bd4+ 42. Bg6 Qxe4+ 0-1

[Event "SG Bochum 2 - zweihochsechs Bielefeld 1"]
[Site "NRW-Klasse - Gruppe 1 2019/20"]
[Date "2019.11.03"]
[Round "3.4"]
[White "Biermann, Florian"]
[Black "Spisla, Dominik"]
[Result "1/2-1/2"]
[WhiteElo "2039"]
[BlackElo "1976"]
[PlyCount "68"]
[EventDate "2019.??.??"]
[SourceVersionDate "2020.03.16"]
[WhiteTeam "SG Bochum 2"]
[BlackTeam "zweihochsechs Bielefeld 1"]

1. c4 e5 2. g3 Nc6 3. Bg2 g6 4. Nc3 Bg7 5. d3 d6 6. e4 f5 7. Nge2 Nf6 8. O-O h6
9. h3 O-O 10. Be3 Be6 11. Nd5 a5 12. Qd2 Kh7 13. Rac1 Qd7 14. exf5 Bxf5 15. g4
Be6 16. Nxf6+ Rxf6 17. d4 exd4 18. Nxd4 Ne5 19. b3 c5 20. Nxe6 Qxe6 21. Bxb7
Nf3+ 22. Bxf3 Rxf3 23. Qd5 Qxd5 24. cxd5 Rxh3 25. Kg2 Rh4 26. Kg3 g5 27. f4 Kg6
28. Rce1 h5 29. gxh5+ Kxh5 30. Rh1 Bf6 31. fxg5 Bxg5 32. Bxg5 Rxh1 33. Rxh1+
Kxg5 34. Re1 a4 1/2-1/2

[Event "SG Bochum 2 - zweihochsechs Bielefeld 1"]
[Site "NRW-Klasse - Gruppe 1 2019/20"]
[Date "2019.11.03"]
[Round "3.5"]
[White "Oelschlaeger, Lennart"]
[Black "Mazarov, Juergen"]
[Result "1-0"]
[WhiteElo "1929"]
[BlackElo "2040"]
[Annotator "Daniel"]
[PlyCount "79"]
[EventDate "2019.??.??"]
[SourceVersionDate "2020.03.16"]
[WhiteTeam "zweihochsechs Bielefeld 1"]
[BlackTeam "SG Bochum 2"]

1. e4 c5 2. Nc3 a6 3. f4 b5 4. g3 Bb7 5. Bg2 e6 6. d3 d5 7. Qe2 d4 8. Nd1 Nf6
9. Nf3 Be7 10. Nf2 O-O 11. O-O Nc6 12. g4 Rc8 13. f5 exf5 14. gxf5 Re8 15. Bf4
Bd6 16. Bg5 Kh8 17. Rae1 Ne5 18. Nxe5 Bxe5 19. Ng4 Qd6 20. Nxe5 Qxe5 21. Bf4
Qe7 22. e5 Nd5 23. Qf2 Nxf4 $11 24. Qxf4 Bxg2 25. Kxg2 f6 26. e6 Rg8 27. Rf3 g6
28. Rg3 gxf5 29. Qxf5 Rxg3+ 30. hxg3 Rg8 31. Rf1 Rg6 32. Qd5 f5 33. Re1 f4 34.
Qe5+ Kg8 35. Qxf4 Rxe6 36. Qg4+ Kf7 37. Qf5+ Qf6 38. Qxh7+ Ke8 39. Qg8+ Kd7 40.
Qxe6+ 1-0

[Event "SG Bochum 2 - zweihochsechs Bielefeld 1"]
[Site "NRW-Klasse - Gruppe 1 2019/20"]
[Date "2019.11.03"]
[Round "3.6"]
[White "Rempe, Moritz"]
[Black "Klein, Lukas"]
[Result "1-0"]
[WhiteElo "1999"]
[BlackElo "1941"]
[PlyCount "57"]
[EventDate "2019.??.??"]
[SourceVersionDate "2020.03.16"]
[WhiteTeam "SG Bochum 2"]
[BlackTeam "zweihochsechs Bielefeld 1"]

1. e4 e6 2. d4 d5 3. exd5 exd5 4. Bd3 Nf6 5. Ne2 Be7 6. Bg5 Ne4 7. Bxe7 Qxe7 8.
O-O Nc6 9. c3 Bd7 10. Re1 Be6 11. Bxe4 dxe4 12. Nf4 Bf5 13. Nd2 O-O-O 14. Re3
g5 15. Nh5 Bg6 16. Nxe4 f5 17. Nef6 Qf7 18. g4 Rd6 19. gxf5 Bxh5 20. Nxh5 g4
21. Ng3 h5 22. Qb3 Qg7 23. Rae1 h4 24. Ne4 Rdh6 25. Nc5 b6 26. Re8+ Rxe8 27.
Rxe8+ Nd8 28. Qd5 bxc5 29. Rxd8# 1-0

[Event "SG Bochum 2 - zweihochsechs Bielefeld 1"]
[Site "NRW-Klasse - Gruppe 1 2019/20"]
[Date "2019.11.03"]
[Round "3.7"]
[White "Homfeldt, Christopher"]
[Black "Butschek, Marc"]
[Result "1/2-1/2"]
[WhiteElo "1766"]
[BlackElo "2023"]
[PlyCount "52"]
[EventDate "2019.??.??"]
[SourceVersionDate "2020.03.16"]
[WhiteTeam "zweihochsechs Bielefeld 1"]
[BlackTeam "SG Bochum 2"]

1. e4 e6 2. d4 d5 3. e5 c5 4. c3 Nc6 5. f4 Bd7 6. Nf3 Qb6 7. Be2 Nge7 8. O-O
cxd4 9. cxd4 Nf5 10. Kh1 Nfxd4 11. Nc3 Nxe2 12. Qxe2 Be7 13. f5 Nd4 14. Nxd4
Qxd4 15. Rf4 Qc5 16. Be3 Qc6 17. Qg4 exf5 18. Qxg7 O-O-O 19. Rc1 Kb8 20. Qxf7
Bg5 21. Nxd5 Qe6 22. Qxe6 Bxe6 23. Nc7 Bxa2 24. Bxa7+ Kxa7 25. Ra4+ Kb6 26.
Rb4+ Ka7 1/2-1/2